| 000 | 00757nam a22002297a 4500 | ||
|---|---|---|---|
| 999 |
_c20577 _d20577 |
||
| 005 | 20191217042739.0 | ||
| 008 | 191108b xxu||||| |||| 00| 0 spa d | ||
| 020 | _a9789972615948 | ||
| 040 |
_aCO-BoIAVH _cCO-BoIAVH |
||
| 041 | _aspa | ||
| 044 | _ack | ||
| 082 |
_a633.851 _bF73a |
||
| 100 | _aFort, Ricardo | ||
| 245 | 1 | 0 |
_a¿ Agroindustria en la Amazonía?: _bposibilidades para el desarrollo inclusivo y sostenible de la palma aceitera en el perú |
| 260 |
_aLima: _bGrade, _c2016. |
||
| 300 |
_a224 páginas _btablas, gráficos _c23 x 15cm |
||
| 650 | 0 |
_aAceite de palma _x Industria y comercio |
|
| 650 | 0 | _aCadena de valor | |
| 650 | 0 | _aCultivo de palma | |
| 700 | _aBorasino, Elena | ||
| 942 |
_2ddc _cLIBRO |
||